Statistics for AMERICA'S 50 FAVORITE DOG BREEDS (2016)

Click here to take the quiz!

General Stats

  • This quiz has been taken 231 times
  • The average score is 19 of 50

Answer Stats

Hint Answer % Correct
3Labrador Retriever
96%
4Golden Retriever
93%
1German Shepherd
85%
47Bulldog
78%
14Poodle
78%
7Pug
72%
32Chihuahua
71%
23Beagle
71%
12Dachshund
63%
26Yorkshire Terrier
63%
15Siberian Husky
61%
28Collie
58%
8Boxer
56%
6Doberman Pinscher
55%
50French Bulldog
54%
10Shih Tzu
54%
2Rottweiler
53%
18Great Dane
51%
24Pomeranian
47%
20Basset Hound
47%
13Australian Shepherd
40%
27Border Collie
40%
36Saint Bernard
39%
11Pembroke Welsh Corgi
36%
39Boston Terrier
33%
43Dalmatian
33%
34Bichon Frise
31%
19Mastiff
29%
9Miniature Schnauzer
28%
22Akita
27%
17Shetland Sheepdog
24%
35Shiba Inu
24%
45West Highland White Terrier
23%
49Newfoundland
22%
16Cavalier King Charles Spaniel
22%
37Australian Cattle Dog
22%
30Havanese
18%
33German Shorthaired Pointer
16%
38Jack Russell Terrier
14%
41Samoyed
14%
31Papillon
13%
21Rhodesian Ridgeback
11%
42Cockapoo
7%
40American Staffordshire Terrier
6%
29Lhasa Apso
6%
48Cane Corso
6%
44Miniature Pinscher
5%
46Goldendoodle
5%
5American Pitbull Terrier
4%
25Great Pyrenees
4%

Score Distribution

Percentile by Number Answered

Percent of People with Each Score

Your Score History

You have not taken this quiz